One Piece Seven Warlords of the Sea - Statistics

General Stats
  • This quiz has been taken 636 times
  • The average score is 11 of 11
Answer Stats
Picture Answer % Correct
Crocodile
100%
Donquixote Doflamingo
99%
Dracule Mihawk
99%
Bartholomew Kuma
98%
Marshall D. Teach
98%
Trafalgar D. Water Law
98%
Boa Hancock
97%
Buggy
97%
Jinbe
97%
Gecko Moria
96%
Edward Weevil
73%
No matching quizzes found
Score Distribution
Percent of People with Each Score
Percentile by Number Answered
Your Score History
You have not taken this quiz